Retail Management (Record no. 520)

MARC details
000 -LEADER
fixed length control field 00503 a2200193 4500
001 - CONTROL NUMBER
control field 066470
003 - CONTROL NUMBER IDENTIFIER
control field OSt
005 - DATE AND TIME OF LATEST TRANSACTION
control field 20210929103445.0
008 - FIXED-LENGTH DATA ELEMENTS--GENERAL INFORMATION
fixed length control field
082 ## - DEWEY DECIMAL CLASSIFICATION NUMBER
Classification number 658.870954
Item number B16R
100 1# - MAIN ENTRY--PERSONAL NAME
Personal name Retail management
245 1# - TITLE STATEMENT
Title Retail Management
Statement of responsibility, etc by N. Srivastava...[et.al.]
260 ## - PUBLICATION, DISTRIBUTION, ETC. (IMPRINT)
Place of publication, distribution, etc New Delhi
Name of publisher, distributor, etc Oxford University Press
Date of publication, distribution, etc 2009
300 ## - PHYSICAL DESCRIPTION
Extent 698p.
690 ## - LOCAL SUBJECT ADDED ENTRY--TOPICAL TERM (OCLC, RLIN)
Topical term or geographic name as entry element Retail trade--Management
700 ## - ADDED ENTRY--PERSONAL NAME
Personal name Srivastava, N.
700 ## - ADDED ENTRY--PERSONAL NAME
Personal name Chetan, Bajaj
942 ## - ADDED ENTRY ELEMENTS (KOHA)
Source of classification or shelving scheme Dewey Decimal Classification
Koha item type Books
Holdings
Withdrawn status Lost status Source of classification or shelving scheme Damaged status Not for loan Collection code Home library Current library Date acquired Source of acquisition Cost, normal purchase price Full call number Barcode Date last seen Price effective from Koha item type
    Dewey Decimal Classification     General Text Book Central University Of Rajasthan Central University Of Rajasthan 07/03/2012 MGM 365.00 658.870954 B16R 756 21/11/2024 02/09/2020 Books